000 00839nam a2200217 u 4500
001 000342635
003 AM-YeHGA
005 20250618072133.0
008 040302s1975 ai r 000 0 arm d
040 _aAM-YeHGA
041 0 _aarm
100 1 _aՏեր-Գրիգորյան, Աշոտ Երեմի,
_d1927-1988
_92455
245 1 0 _aՄայրենի լեզու :
_bԸնթերցարան : Դասագիրք 2-րդ դաս. համար /
_cԱ.Ե. Տեր-Գրիգորյան, Ս.Խ. Օհանյան, Ն.Դ. Մազմանյան.
250 _a6-րդ հրատ.
260 _aԵրևան :
_bԼույս,
_c1975.
300 _a248 էջ :
_bնկ. ;
_c22 սմ.
650 1 4 _aՄայրենի լեզու
_vԴասագիրք
700 1 _aՕհանյան, Սուրեն Խուրշուդի
700 1 _aՄազմանյան, Նազիկ Դավթի
090 _c131540
999 _c130176
_d130176